Words in "Auld Lang Syne" SUDDEN DEATH - Statistics

General Stats
  • This quiz has been taken 61 times
  • The average score is 5 of 16
Answers on the Grid
Answers color-coded by a green-red scale on the quiz's grid according to % correct below.
old
sake
always
seas
should
brought
raged
wandered
paddled
roared
love
for
eat
cup
two
kindness
they'll
sun
day
night
forget
lang
year
surely
 
Answer Stats
Answer % Correct
old
79%
lang
62%
should
62%
kindness
60%
cup
48%
sake
48%
for
43%
brought
31%
surely
12%
roared
7%
seas
7%
sun
5%
wandered
5%
night
2%
paddled
2%
two
2%
No matching quizzes found
Score Distribution
Percent of People with Each Score
Percentile by Number Answered
Your Score History
You have not taken this quiz